El atlas abreviado, ò, El nuevo compendio de la geografia universal, politica, historica, i curiosa, segun el estado presente del mundo, illustrado con quarenta i tres mapas, i enriquecido con un breve tratado de la geografia antigua mui util para los curiosos de la historia antigua

Detalles Bibliográficos
Autor principal: Afferden, Francisco de 1653-1709
Formato: Libro
Lenguaje:Spanish
Publicado: en Leon de Francia 1739
Materias:
Colección:Banco de datos
Acervo:Biblioteca Pública Central del Estado de Durango. Lic. José Ignacio Gallegos Caballero. Colección José Fernando Ramírez
Descripción Física:3 t. 4°
Tema general:Geografía
Notas:Portada a dos tintas con pleca y monograma del impresor en grabado xilográfico. Tomo con portada y numeración propias. Año del t. 3 publicado en 1739. Encuadernación en piel sobre cartón. Marca de fuego: Convento de San Antonio de Durango. Sello en tinta de la Biblioteca Pública del Estado de Durango. Daños en la encuadernación, tapa superior desprendida
LEADER 01405nam a22001930004500
035 |a 2150 
041 0 |a spa 
100 1 |a Afferden, Francisco de  |d 1653-1709 
245 1 0 |a El atlas abreviado, ò, El nuevo compendio de la geografia universal, politica, historica, i curiosa, segun el estado presente del mundo, illustrado con quarenta i tres mapas, i enriquecido con un breve tratado de la geografia antigua mui util para los curiosos de la historia antigua  |c por Don Francisco Giustiniani, P.R. 
260 |a en Leon de Francia  |b por Jaime Certa  |c 1739 
300 |a 3 t.  |c 4° 
500 |a Portada a dos tintas con pleca y monograma del impresor en grabado xilográfico. Tomo con portada y numeración propias. Año del t. 3 publicado en 1739. Encuadernación en piel sobre cartón. Marca de fuego: Convento de San Antonio de Durango. Sello en tinta de la Biblioteca Pública del Estado de Durango. Daños en la encuadernación, tapa superior desprendida 
504 |a Índice de los nombres latinos contenidos en el compendio de la geografía antigua 
650 1 0 |a Geografía 
740 0 |a El nuevo compendio de geografia universal, politica, historica, i curiosa, segun el estado presente del mundo 
949 |a CR. t. 3 (4889) 
942 |c DURANRAM 
943 |g Biblioteca Pública Central del Estado de Durango. Lic. José Ignacio Gallegos Caballero. Colección José Fernando Ramírez 
999 |c 1079080  |d 1079080